[Event "2024 US National High School (K-12) Championship"]
[Site "Baltimore, Maryland, United States"]
[Date "2024.04.06"]
[Round "3.1"]
[White "Wang, Jason"]
[Black "Oh, James Y"]
[Result "1-0"]
[TimeControl "G/90; d10"]
[WhiteTitle "IM"]
[WhiteFideId "30908124"]
[BlackFideId "30919975"]
[WhiteElo "2563"]
[BlackElo "2226"]

1. d4 {[%clk 01:30:00]} Nf6 {[%clk 01:30:00]} {[%emt 00:00:09]} 2. c4 {[%clk
01:30:00]} {[%emt 00:00:02]} e6 {[%clk 01:30:00]} {[%emt 00:00:07]} 3. Nf3
{[%clk 01:30:00]} {[%emt 00:00:03]} d5 {[%clk 01:30:00]} {[%emt 00:00:06]} 4.
g3 {[%clk 01:30:00]} {[%emt 00:00:02]} Be7 {[%clk 01:29:58]} {[%emt 00:00:14]}
5. Bg2 {[%clk 01:30:00]} {[%emt 00:00:03]} O-O {[%clk 01:29:58]} {[%emt
00:00:08]} 6. O-O {[%clk 01:30:00]} {[%emt 00:00:03]} dxc4 {[%clk 01:29:58]}
{[%emt 00:00:09]} 7. Qc2 {[%clk 01:29:39]} {[%emt 00:00:32]} c6 {[%clk
01:28:31]} {[%emt 00:01:37]} 8. Qxc4 {[%clk 01:28:43]} {[%emt 00:01:06]} b5
{[%clk 01:28:31]} {[%emt 00:00:08]} 9. Qc2 {[%clk 01:27:24]} {[%emt 00:01:29]}
Bb7 {[%clk 01:27:32]} {[%emt 00:01:09]} 10. Rd1 {[%emt 00:03:16]} Nbd7 {[%clk
01:26:53]} 11. Nc3 {[%clk 01:18:41]} {[%emt 00:06:35]} Qb6 {[%clk 01:24:48]}
{[%emt 00:02:15]} 12. e4 {[%clk 01:13:30]} {[%emt 00:05:21]} c5 {[%clk
01:22:39]} {[%emt 00:02:20]} 13. d5 {[%clk 01:10:48]} {[%emt 00:02:51]} b4
{[%clk 01:14:00]} {[%emt 00:08:50]} 14. Na4 {[%clk 01:04:13]} {[%emt 00:06:45]}
Qa6 {[%clk 01:12:16]} {[%emt 00:01:53]} 15. Ng5 {[%clk 00:54:26]} {[%emt
00:09:56]} h6 {[%clk 01:06:17]} {[%emt 00:06:10]} 16. Nh3 {[%clk 00:46:45]}
{[%emt 00:07:51]} Rfd8 {[%clk 00:57:00]} {[%emt 00:09:27]} 17. b3 {[%clk
00:40:43]} {[%emt 00:06:12]} Rac8 {[%clk 00:50:29]} {[%emt 00:06:41]} 18. dxe6
{[%clk 00:32:37]} {[%emt 00:08:15]} Qxe6 {[%clk 00:48:14]} {[%emt 00:02:25]} 19.
Nf4 {[%clk 00:31:14]} {[%emt 00:01:33]} Qa6 {[%clk 00:43:43]} {[%emt 00:04:41]}
20. Bb2 {[%clk 00:25:14]} {[%emt 00:06:11]} Bd6 {[%clk 00:33:56]} {[%emt
00:09:57]} 21. Rxd6 {[%clk 00:21:17]} {[%emt 00:04:07]} Qxd6 {[%clk 00:33:51]}
{[%emt 00:00:15]} 22. e5 {[%clk 00:21:17]} {[%emt 00:00:05]} Nxe5 {[%clk
00:32:14]} {[%emt 00:01:46]} 23. Bxb7 {[%clk 00:21:17]} {[%emt 00:00:06]} Rc7
{[%clk 00:31:48]} {[%emt 00:00:37]} 24. Re1 {[%clk 00:19:19]} {[%emt 00:02:07]}
Re7 {[%clk 00:25:00]} {[%emt 00:06:59]} 25. Bxe5 {[%clk 00:11:34]} {[%emt
00:07:55]} Rxe5 {[%clk 00:25:00]} {[%emt 00:00:06]} 26. Rxe5 {[%clk 00:11:34]}
{[%emt 00:00:04]} Qxe5 {[%clk 00:24:58]} {[%emt 00:00:12]} 27. Kg2 {[%clk
00:11:27]} {[%emt 00:00:16]} Qe1 {[%clk 00:22:18]} {[%emt 00:02:51]} 28. Nd3
{[%clk 00:11:24]} {[%emt 00:00:13]} Qe7 {[%clk 00:21:13]} {[%emt 00:01:15]} 29.
Ndxc5 {[%clk 00:08:48]} {[%emt 00:02:47]} h5 {[%clk 00:19:44]} {[%emt
00:01:38]} 30. h4 {[%clk 00:06:59]} {[%emt 00:01:58]} Ng4 {[%clk 00:17:57]}
{[%emt 00:01:59]} 31. Bf3 {[%clk 00:06:25]} {[%emt 00:00:43]} Qe1 {[%clk
00:17:25]} {[%emt 00:00:41]} 32. Qe2 {[%clk 00:04:52]} {[%emt 00:01:42]} Qxe2
{[%clk 00:16:25]} {[%emt 00:01:12]} 33. Bxe2 {[%clk 00:04:52]} {[%emt
00:00:01]} Rd2 {[%clk 00:16:25]} {[%emt 00:00:05]} 34. Bxg4 {[%clk 00:04:33]}
{[%emt 00:00:30]} hxg4 {[%clk 00:16:25]} {[%emt 00:00:02]} 35. Na6 {[%clk
00:04:33]} {[%emt 00:00:08]} Rxa2 {[%clk 00:15:55]} {[%emt 00:00:40]} 36. Nxb4
{[%clk 00:04:33]} {[%emt 00:00:02]} Ra3 {[%clk 00:15:42]} {[%emt 00:00:23]} 37.
Nc5 {[%clk 00:04:33]} {[%emt 00:00:01]} a5 {[%clk 00:15:42]} {[%emt 00:00:06]}
38. Nc2 {[%clk 00:03:26]} {[%emt 00:01:18]} Ra2 {[%clk 00:15:42]} {[%emt
00:00:06]} 39. Ne3 {[%clk 00:03:26]} {[%emt 00:00:01]} Rd2 {[%clk 00:14:27]}
{[%emt 00:01:25]} 40. Nc4 {[%clk 00:03:09]} {[%emt 00:00:27]} Ra2 {[%clk
00:14:12]} {[%emt 00:00:24]} 41. Na4 {[%clk 00:03:09]} {[%emt 00:00:06]} Kf8
{[%clk 00:14:06]} {[%emt 00:00:16]} 42. Nxa5 {[%clk 00:03:09]} {[%emt
00:00:05]} Ke7 {[%clk 00:11:56]} {[%emt 00:02:20]} 43. Nc4 {[%clk 00:02:44]}
{[%emt 00:00:35]} Ke6 {[%clk 00:10:43]} {[%emt 00:01:22]} 44. Nc3 {[%clk
00:02:20]} {[%emt 00:00:35]} Ra1 {[%clk 00:10:34]} {[%emt 00:00:17]} 45. Ne2
{[%clk 00:02:12]} {[%emt 00:00:19]} Rb1 {[%clk 00:10:08]} {[%emt 00:00:37]} 46.
Ne3 {[%clk 00:02:09]} {[%emt 00:00:12]} Rb2 {[%clk 00:09:24]} {[%emt 00:00:55]}
47. Nd4+ {[%clk 00:01:54]} {[%emt 00:00:25]} Kd7 {[%clk 00:09:09]} {[%emt
00:00:25]} 48. Nxg4 {[%clk 00:01:54]} {[%emt 00:00:05]} Rd2 {[%clk 00:09:00]}
{[%emt 00:00:18]} 49. Ne5+ {[%clk 00:01:54]} {[%emt 00:00:08]} Ke7 {[%clk
00:08:49]} {[%emt 00:00:22]} 50. Kf3 {[%clk 00:01:51]} {[%emt 00:00:12]} f6
{[%clk 00:08:49]} {[%emt 00:00:07]} 51. Ke3 {[%clk 00:01:51]} {[%emt 00:00:05]}
Rd1 {[%clk 00:08:49]} {[%emt 00:00:08]} 52. Nd3 {[%clk 00:01:49]} {[%emt
00:00:12]} Rb1 {[%clk 00:08:25]} {[%emt 00:00:35]} 53. b4 {[%clk 00:01:49]}
{[%emt 00:00:05]} g6 {[%clk 00:08:25]} {[%emt 00:00:07]} 54. Nf4 {[%clk
00:01:40]} {[%emt 00:00:19]} g5 {[%clk 00:08:05]} {[%emt 00:00:30]} 55. hxg5
{[%clk 00:01:15]} {[%emt 00:00:35]} fxg5 {[%clk 00:08:05]} {[%emt 00:00:04]} 56.
Nd3 {[%clk 00:01:15]} {[%emt 00:00:05]} Kf6 {[%clk 00:07:31]} {[%emt 00:00:43]}
57. Ke4 {[%clk 00:01:15]} {[%emt 00:00:02]} Kg6 {[%clk 00:07:12]} {[%emt
00:00:29]} 58. b5 {[%clk 00:01:15]} {[%emt 00:00:08]} Kf6 {[%clk 00:07:12]}
{[%emt 00:00:10]} 59. Kd5 {[%clk 00:01:14]} {[%emt 00:00:10]} Ke7 {[%clk
00:07:03]} {[%emt 00:00:20]} 60. Ne5 {[%clk 00:01:14]} {[%emt 00:00:09]} Rb2
{[%clk 00:06:48]} {[%emt 00:00:25]} 61. f3 {[%clk 00:01:13]} {[%emt 00:00:11]}
Kd8 {[%clk 00:06:39]} {[%emt 00:00:19]} 62. Kc6 {[%clk 00:01:13]} {[%emt
00:00:09]} Kc8 {[%clk 00:06:34]} {[%emt 00:00:15]} 63. b6 {[%clk 00:01:11]}
{[%emt 00:00:12]} Rb1 {[%clk 00:06:34]} {[%emt 00:00:02]} 64. Ne6 {[%clk
00:01:11]} {[%emt 00:00:05]} Kb8 {[%clk 00:04:58]} {[%emt 00:01:47]} 65. Nc5
{[%clk 00:01:11]} {[%emt 00:00:06]} Kc8 {[%clk 00:04:46]} {[%emt 00:00:23]} 66.
b7+ {[%clk 00:01:11]} {[%emt 00:00:06]} Kd8 {[%clk 00:04:46]} {[%emt 00:00:01]}
67. Ned7 {[%clk 00:01:11]} {[%emt 00:00:06]} 1-0

[Event "2024 US National High School (K-12) Championship"]
[Site "Baltimore, Maryland, United States"]
[Date "2024.04.06"]
[Round "3.2"]
[White "Peterson, Ryan Harada"]
[Black "Chasin, Nico Werner"]
[Result "0-1"]
[TimeControl "G/90; d10"]
[BlackTitle "IM"]
[WhiteFideId "30979692"]
[BlackFideId "30908477"]
[WhiteElo "2220"]
[BlackElo "2522"]

1. d4 {[%clk 01:30:00]} {[%emt 00:00:04]} Nf6 {[%clk 01:21:17]} {[%emt
00:08:53]} 2. c4 {[%clk 01:30:00]} {[%emt 00:00:08]} e6 {[%clk 01:20:57]}
{[%emt 00:00:31]} 3. Nf3 {[%clk 01:30:00]} {[%emt 00:00:07]} d5 {[%clk
01:20:57]} {[%emt 00:00:04]} 4. Nc3 {[%clk 01:30:00]} {[%emt 00:00:07]} Nbd7
{[%clk 01:20:57]} {[%emt 00:00:04]} 5. Bf4 {[%clk 01:29:57]} {[%emt 00:00:12]}
Bb4 {[%clk 01:20:57]} {[%emt 00:00:06]} 6. e3 {[%clk 01:28:25]} {[%emt
00:01:43]} Ne4 {[%clk 01:20:57]} {[%emt 00:00:03]} 7. Qc2 {[%clk 01:26:26]}
{[%emt 00:02:08]} g5 {[%clk 01:20:40]} {[%emt 00:00:27]} 8. Bg3 {[%clk
01:20:27]} {[%emt 00:06:09]} h5 {[%clk 01:20:40]} {[%emt 00:00:01]} 9. cxd5
{[%clk 01:18:56]} {[%emt 00:01:42]} exd5 {[%clk 01:20:40]} {[%emt 00:00:02]} 10.
Bd3 {[%clk 01:04:06]} {[%emt 00:14:59]} h4 {[%clk 01:20:40]} {[%emt 00:00:01]}
11. Bxe4 {[%clk 01:03:41]} {[%emt 00:00:35]} dxe4 {[%clk 01:20:40]} {[%emt
00:00:02]} 12. Qxe4+ {[%clk 01:03:41]} {[%emt 00:00:08]} Kf8 {[%clk 01:20:40]}
{[%emt 00:00:01]} 13. Be5 {[%clk 01:02:48]} {[%emt 00:01:03]} f6 {[%clk
01:20:40]} {[%emt 00:00:01]} 14. O-O-O {[%clk 00:36:26]} {[%emt 00:26:32]} Bxc3
{[%clk 01:20:19]} {[%emt 00:00:30]} 15. bxc3 {[%clk 00:36:26]} {[%emt
00:00:10]} Qe7 {[%clk 01:20:10]} {[%emt 00:00:18]} 16. Qg6 {[%clk 00:31:26]}
{[%emt 00:05:11]} g4 {[%clk 01:20:10]} {[%emt 00:00:01]} 17. Bf4 {[%clk
00:23:33]} {[%emt 00:08:02]} Qa3+ {[%clk 01:18:02]} {[%emt 00:02:19]} 18. Kb1
{[%clk 00:21:01]} {[%emt 00:02:41]} gxf3 {[%clk 01:18:00]} {[%emt 00:00:12]} 19.
Bh6+ {[%clk 00:20:27]} {[%emt 00:00:44]} Rxh6 {[%clk 01:18:00]} {[%emt
00:00:07]} 20. Qxh6+ {[%clk 00:20:27]} {[%emt 00:00:04]} Ke7 {[%clk 01:18:00]}
21. Qg7+ {[%clk 00:17:59]} {[%emt 00:02:39]} Kd6 {[%clk 01:17:38]} {[%emt
00:00:31]} 22. gxf3 {[%clk 00:11:44]} {[%emt 00:06:26]} Qxc3 {[%clk 01:14:16]}
{[%emt 00:03:32]} 23. Rc1 {[%clk 00:11:10]} {[%emt 00:00:44]} Qd3+ {[%clk
01:13:46]} {[%emt 00:00:40]} 24. Ka1 {[%clk 00:10:12]} {[%emt 00:01:08]} c6
{[%clk 01:13:46]} {[%emt 00:00:01]} 25. Rhd1 {[%clk 00:08:31]} {[%emt
00:01:50]} Qe2 {[%clk 01:12:08]} {[%emt 00:01:49]} 26. e4 {[%clk 00:07:35]}
{[%emt 00:01:06]} Kc7 {[%clk 01:12:08]} {[%emt 00:00:10]} 27. d5 {[%clk
00:06:24]} {[%emt 00:01:21]} Qxf3 {[%clk 01:12:08]} {[%emt 00:00:02]} 28. Qe7
{[%clk 00:03:50]} {[%emt 00:02:43]} Qf4 {[%clk 01:11:57]} {[%emt 00:00:21]} 29.
d6+ {[%clk 00:01:19]} {[%emt 00:02:41]} Kb6 {[%clk 01:11:27]} {[%emt 00:00:40]}
30. Kb1 {[%clk 00:00:48]} {[%emt 00:00:41]} Qe5 {[%clk 01:11:27]} 31. Rc2
{[%clk 00:00:20]} {[%emt 00:00:38]} a5 {[%clk 01:10:11]} {[%emt 00:01:26]} 32.
Rd3 {[%clk 00:00:17]} {[%emt 00:00:13]} a4 {[%clk 01:08:29]} {[%emt 00:01:52]}
33. Qd8+ {[%emt 00:00:14]} Ka6 {[%clk 01:08:17]} {[%emt 00:00:20]} 34. Ra3
{[%clk 00:00:07]} {[%emt 00:00:18]} Qxe4 {[%clk 01:08:16]} {[%emt 00:00:10]} 35.
Qe7 {[%clk 00:00:07]} {[%emt 00:00:08]} Qb4+ {[%clk 01:08:16]} {[%emt
00:00:02]} 36. Rb3 {[%clk 00:00:07]} {[%emt 00:00:10]} axb3 {[%clk 01:08:16]}
{[%emt 00:00:06]} 37. Qe2+ {[%clk 00:00:07]} {[%emt 00:00:04]} Qb5 {[%clk
01:08:16]} {[%emt 00:00:03]} 0-1

[Event "2024 US National High School (K-12) Championship"]
[Site "Baltimore, Maryland, United States"]
[Date "2024.04.06"]
[Round "3.3"]
[White "Hardaway, Brewington"]
[Black "Zhang, Eric M"]
[Result "1-0"]
[TimeControl "G/90; d10"]
[WhiteTitle "FM"]
[WhiteFideId "30941849"]
[BlackFideId "30907667"]
[WhiteElo "2525"]
[BlackElo "2221"]

1. e4 {[%clk 01:30:00]} c5 {[%clk 01:30:00]} {[%emt 00:00:03]} 2. Nf3 {[%clk
01:30:00]} {[%emt 00:00:04]} d6 {[%clk 01:30:00]} {[%emt 00:00:03]} 3. d4
{[%clk 01:30:00]} {[%emt 00:00:05]} cxd4 {[%clk 01:30:00]} {[%emt 00:00:02]} 4.
Nxd4 {[%clk 01:30:00]} {[%emt 00:00:05]} Nf6 {[%clk 01:30:00]} {[%emt
00:00:03]} 5. Nc3 {[%clk 01:30:00]} {[%emt 00:00:08]} a6 {[%clk 01:30:00]}
{[%emt 00:00:02]} 6. Be2 {[%clk 01:30:00]} {[%emt 00:00:05]} e6 {[%clk
01:30:00]} {[%emt 00:00:04]} 7. Be3 {[%clk 01:30:00]} {[%emt 00:00:04]} Be7
{[%clk 01:29:41]} {[%emt 00:00:29]} 8. g4 {[%clk 01:30:00]} {[%emt 00:00:06]}
d5 {[%clk 01:23:57]} {[%emt 00:05:54]} 9. exd5 {[%clk 01:28:03]} {[%emt
00:02:08]} Nxd5 {[%clk 01:23:57]} {[%emt 00:00:03]} 10. Nxd5 {[%clk 01:28:03]}
{[%emt 00:00:06]} Qxd5 {[%clk 01:23:57]} {[%emt 00:00:03]} 11. O-O {[%clk
01:23:06]} {[%emt 00:05:06]} O-O {[%clk 01:18:05]} {[%emt 00:06:01]} 12. c4
{[%clk 01:07:50]} {[%emt 00:15:27]} Qa5 {[%clk 01:09:11]} {[%emt 00:09:05]} 13.
Qc2 {[%clk 01:05:09]} {[%emt 00:02:51]} e5 {[%clk 01:04:04]} {[%emt 00:05:16]}
14. Nf5 {[%clk 01:01:45]} {[%emt 00:03:34]} Bxf5 {[%clk 01:03:45]} {[%emt
00:00:30]} 15. Qxf5 {[%clk 00:56:54]} {[%emt 00:05:01]} Nc6 {[%clk 00:57:50]}
{[%emt 00:06:04]} 16. Bf3 {[%clk 00:54:42]} {[%emt 00:02:21]} Qc7 {[%clk
00:57:00]} {[%emt 00:01:01]} 17. Be4 {[%clk 00:52:18]} {[%emt 00:02:34]} g6
{[%clk 00:56:51]} {[%emt 00:00:19]} 18. Qf3 {[%clk 00:52:18]} {[%emt 00:00:03]}
Nd4 {[%clk 00:48:54]} {[%emt 00:08:07]} 19. Qg2 {[%clk 00:44:17]} {[%emt
00:08:10]} Qxc4 {[%clk 00:46:55]} {[%emt 00:02:10]} 20. Bxb7 {[%clk 00:43:34]}
{[%emt 00:00:53]} Rab8 {[%clk 00:45:36]} {[%emt 00:01:29]} 21. b3 {[%clk
00:43:13]} {[%emt 00:00:31]} Qb5 {[%clk 00:42:48]} {[%emt 00:02:58]} 22. Be4
{[%clk 00:42:54]} {[%emt 00:00:29]} Rfd8 {[%clk 00:38:09]} {[%emt 00:04:49]} 23.
Kh1 {[%clk 00:41:59]} {[%emt 00:01:05]} Ne6 {[%clk 00:36:32]} {[%emt 00:01:46]}
24. Rfd1 {[%clk 00:27:10]} {[%emt 00:15:00]} Bc5 {[%clk 00:29:10]} {[%emt
00:07:32]} 25. Rd5 {[%clk 00:22:29]} {[%emt 00:04:50]} Rxd5 {[%clk 00:25:23]}
{[%emt 00:03:58]} 26. Bxd5 {[%clk 00:22:29]} {[%emt 00:00:04]} Nf4 {[%clk
00:23:31]} {[%emt 00:02:02]} 27. Bxf4 {[%clk 00:22:29]} {[%emt 00:00:10]} exf4
{[%clk 00:23:31]} {[%emt 00:00:08]} 28. Bc4 {[%clk 00:14:15]} {[%emt 00:08:24]}
Qb6 {[%clk 00:13:46]} {[%emt 00:09:56]} 29. Rf1 {[%clk 00:13:38]} {[%emt
00:00:46]} a5 {[%clk 00:13:11]} {[%emt 00:00:46]} 30. Qf3 {[%clk 00:13:26]}
{[%emt 00:00:21]} Qb7 {[%clk 00:12:36]} {[%emt 00:00:45]} 31. Bd5 {[%clk
00:13:05]} {[%emt 00:00:31]} Qb4 {[%clk 00:12:35]} {[%emt 00:00:11]} 32. Rc1
{[%clk 00:12:14]} {[%emt 00:01:01]} Qd4 {[%clk 00:08:42]} {[%emt 00:04:03]} 33.
Rc4 {[%clk 00:10:57]} {[%emt 00:01:27]} Qxf2 {[%clk 00:06:59]} {[%emt
00:01:53]} 34. Qxf2 {[%clk 00:10:57]} {[%emt 00:00:03]} Bxf2 {[%clk 00:06:59]}
{[%emt 00:00:05]} 35. Rxf4 {[%clk 00:10:57]} {[%emt 00:00:02]} Bc5 {[%clk
00:06:49]} {[%emt 00:00:20]} 36. Rxf7 {[%clk 00:10:57]} {[%emt 00:00:08]} Kh8
{[%clk 00:06:49]} {[%emt 00:00:07]} 37. Rc7 {[%clk 00:10:24]} {[%emt 00:00:44]}
Be3 {[%clk 00:06:10]} {[%emt 00:00:49]} 38. h4 {[%clk 00:08:44]} {[%emt
00:01:50]} Rf8 {[%clk 00:05:46]} {[%emt 00:00:33]} 39. Bf7 {[%clk 00:05:46]}
{[%emt 00:03:08]} Bf2 {[%clk 00:05:15]} {[%emt 00:00:41]} 40. h5 {[%clk
00:05:46]} {[%emt 00:00:08]} gxh5 {[%clk 00:05:15]} {[%emt 00:00:05]} 41. gxh5
{[%clk 00:05:42]} {[%emt 00:00:14]} Rd8 {[%clk 00:04:14]} {[%emt 00:01:11]} 42.
Kg2 {[%clk 00:05:09]} {[%emt 00:00:43]} Bb6 {[%clk 00:03:45]} {[%emt 00:00:39]}
43. Rb7 {[%clk 00:05:09]} {[%emt 00:00:05]} Rd6 {[%clk 00:03:26]} {[%emt
00:00:29]} 44. Bc4 {[%clk 00:04:57]} {[%emt 00:00:21]} Rc6 {[%clk 00:02:38]}
{[%emt 00:00:59]} 45. Bd3 {[%clk 00:04:40]} {[%emt 00:00:27]} Bc7 {[%clk
00:02:26]} {[%emt 00:00:22]} 46. Be4 {[%clk 00:02:52]} {[%emt 00:01:59]} Rc5
{[%clk 00:01:48]} {[%emt 00:00:48]} 47. h6 {[%clk 00:02:49]} {[%emt 00:00:12]}
Kg8 {[%clk 00:01:39]} {[%emt 00:00:20]} 48. a3 {[%clk 00:02:17]} {[%emt
00:00:42]} Rc3 {[%clk 00:01:37]} {[%emt 00:00:11]} 49. b4 {[%clk 00:01:48]}
{[%emt 00:00:39]} axb4 {[%clk 00:01:30]} {[%emt 00:00:18]} 50. axb4 {[%clk
00:01:48]} Kf8 {[%clk 00:01:06]} {[%emt 00:00:34]} 51. b5 {[%clk 00:01:40]}
{[%emt 00:00:18]} Bf4 {[%clk 00:01:06]} {[%emt 00:00:10]} 52. Rxh7 {[%clk
00:01:40]} {[%emt 00:00:10]} Rg3+ {[%clk 00:00:57]} {[%emt 00:00:19]} 53. Kf2
{[%clk 00:01:40]} {[%emt 00:00:02]} Rh3 {[%clk 00:00:55]} {[%emt 00:00:13]} 54.
Rh8+ {[%clk 00:01:40]} {[%emt 00:00:09]} Ke7 {[%clk 00:00:50]} {[%emt
00:00:15]} 55. h7 {[%clk 00:01:40]} {[%emt 00:00:03]} Be5 {[%clk 00:00:47]}
{[%emt 00:00:14]} 56. Rc8 {[%clk 00:01:21]} {[%emt 00:00:28]} Rh4 {[%clk
00:00:45]} {[%emt 00:00:12]} 57. Bd3 {[%clk 00:01:21]} {[%emt 00:00:10]} Kd7
{[%clk 00:00:45]} {[%emt 00:00:07]} 58. Rc6 {[%clk 00:01:16]} {[%emt 00:00:14]}
Rd4 {[%clk 00:00:39]} {[%emt 00:00:16]} 59. Bf5+ {[%clk 00:01:15]} {[%emt
00:00:11]} Kd8 {[%clk 00:00:38]} {[%emt 00:00:12]} 60. Ke3 {[%clk 00:01:04]}
{[%emt 00:00:21]} Rb4 {[%clk 00:00:38]} {[%emt 00:00:06]} 61. Rc8+ {[%clk
00:01:00]} {[%emt 00:00:14]} Ke7 {[%clk 00:00:38]} {[%emt 00:00:01]} 62. Bd3
{[%clk 00:01:00]} Rh4 {[%clk 00:00:38]} {[%emt 00:00:03]} 63. Be4 {[%clk
00:00:46]} {[%emt 00:00:25]} Rh3+ {[%clk 00:00:38]} {[%emt 00:00:02]} 64. Kd2
{[%clk 00:00:46]} {[%emt 00:00:02]} Rh4 {[%clk 00:00:38]} {[%emt 00:00:05]} 65.
Bd3 {[%clk 00:00:42]} {[%emt 00:00:13]} Kd6 {[%clk 00:00:36]} {[%emt 00:00:12]}
66. Ke3 {[%clk 00:00:30]} {[%emt 00:00:22]} Ke7 {[%clk 00:00:36]} {[%emt
00:00:07]} 67. Rc6 {[%clk 00:00:30]} {[%emt 00:00:03]} Bd4+ {[%clk 00:00:33]}
{[%emt 00:00:14]} 68. Kf3 {[%clk 00:00:30]} {[%emt 00:00:01]} Be5 {[%clk
00:00:33]} {[%emt 00:00:07]} 69. Be4 {[%clk 00:00:30]} {[%emt 00:00:05]} Kd7
{[%clk 00:00:27]} {[%emt 00:00:15]} 70. Ra6 {[%clk 00:00:30]} {[%emt 00:00:05]}
Kc7 {[%clk 00:00:27]} {[%emt 00:00:09]} 71. Re6 {[%clk 00:00:30]} {[%emt
00:00:06]} Bd4 {[%clk 00:00:27]} {[%emt 00:00:07]} 72. Rc6+ {[%clk 00:00:30]}
{[%emt 00:00:03]} Kd7 {[%clk 00:00:19]} {[%emt 00:00:18]} 73. Bf5+ {[%clk
00:00:30]} {[%emt 00:00:06]} Ke7 {[%clk 00:00:19]} {[%emt 00:00:03]} 74. b6
{[%clk 00:00:21]} {[%emt 00:00:19]} Kf8 {[%clk 00:00:09]} {[%emt 00:00:20]} 75.
Rc8+ {[%clk 00:00:20]} {[%emt 00:00:10]} Kg7 {[%clk 00:00:09]} 76. Rg8+ {[%clk
00:00:15]} {[%emt 00:00:15]} Kf7 {[%clk 00:00:09]} {[%emt 00:00:02]} 77. b7
{[%clk 00:00:15]} {[%emt 00:00:09]} Be5 {[%clk 00:00:09]} {[%emt 00:00:08]} 78.
Bg6+ {[%clk 00:00:15]} {[%emt 00:00:05]} Kf6 {[%clk 00:00:08]} {[%emt
00:00:11]} 79. h8=Q+ {[%clk 00:00:15]} {[%emt 00:00:02]} Rxh8 {[%clk 00:00:08]}
{[%emt 00:00:01]} 80. Rxh8 {[%clk 00:00:15]} {[%emt 00:00:01]} Kxg6 {[%clk
00:00:08]} {[%emt 00:00:01]} 81. b8=Q {[%clk 00:00:15]} {[%emt 00:00:02]} 1-0